| 000 | 00873cam a2200229 a 4500 | ||
|---|---|---|---|
| 020 | _a0471183083 (cloth : acidfree paper) | ||
| 082 | 0 | 0 |
_a690/.8370472 _bWIN _cL-NUST, P-22 |
| 100 |
_aWiley John _940972 |
||
| 245 | 0 | 4 |
_aThe passive solar design and construction handbook / _cJohn Wiley |
| 260 |
_aNew York : _bWiley, _cc1997. |
||
| 300 |
_aix, 291 p. : _bill. ; _c29 cm. |
||
| 526 |
_a0 _b0 _c0 _d690_837047200000000_WIN |
||
| 650 | 0 |
_aMCE _9379 |
|
| 650 | 0 |
_aSolar energy _xPassive systems. _945323 |
|
| 650 | 0 |
_aSolar houses _xDesign and construction. _931989 |
|
| 700 | 1 | _aCrosbie, Michael J. | |
| 710 | 2 |
_aSteven Winter Associates. _945324 |
|
| 856 | 4 | _uhttp://www.loc.gov/catdir/toc/onix05/97021327.html | |
| 856 | 4 | 2 | _uhttp://www.loc.gov/catdir/bios/wiley042/97021327.html |
| 856 | 4 | 2 | _uhttp://www.loc.gov/catdir/description/wiley034/97021327.html |
| 942 |
_2ddc _cBK |
||
| 999 |
_c548874 _d548874 |
||